1060 1360 1557 1283 1182 1195 1725 1082 1036 1386 1782 1306 1824 1073 1677 1944 1314 1089 1369 1784 1652 1527 1993 1662 1178 1686 1611 1394 1529 1202 1175 1944 1450 1361 1406 1371 1123 1435 1507 1145 1145 1645 1822 1191 1507 1557 1540 1172 1534 1811 1678 1999 1079 1918 1531 1272 1894 1432 1957 1066 1017 1146 1124 1548 1853 1598 1540 1332 1029 1205 1312 1236 1395 1921 1293 1815 1612 1868 1280 1394 1774 1663 1589 1933 1244 1179 1616 1762 1085 1363 1671 1689 1139 1017 1972 1553 1404 1059 1211 BCNSPRNW ULIB Ver.6.0+V

เปลี่ยนเป็นภาษาไทย

Change to English
 แสดงรายละเอียดบรรณานุกรม
  กลับหน้าหลัก

Brief Record : Get Marc (ISO 2709) : E-mail record : QR code < ปิดหน้าต่าง
LEADER : 00000nam 2200000uu 4500
001    13399124579
003     ULIB
008    151009s2557||||th 000 0 tha d
020    ^a9789746728898
060  4 ^aWY157.3^bอ695ส ล.1
110 1  มหาวิทยาลัยเชียงใหม่.^bคณะพยาบาลศาสตร์.^bโครงการตำรา.
245    ^aสาระหลักทางการพยาบาลมารดาทารกแรกเกิดและการผดุงครรภ์เล่มที่ 1 (ระยะตั้งครรภ์)/^cโครงการตำรา คณะพยาบาลศาสตร์ มหาวิทยาลัยเชียงใหม่
250    ^aพิมพ์ครั้งที่ 1
260    ^aเชียงใหม่:^bโครงการตำรา คณะพยาบาลศาสตร์ มหาวิทยาลัยเชียงใหม่,^c2557
300    ^a220 หน้า;^b26 ซม.
500    ^aราคา 130
650    ^aการพยาบาลสูติศาสตร์
650    ^aการพยาบาลทารกแรกเกิด
650    ^aการพยาบาลมารดาและผดุงครรภ์
700 0  ^aอำไพ จารุวัชรพาณิชยกุล,บรรณาธิการ
945    ^p130^l0^i23201
945    ^p130^l0^i23202
945    ^p130^l0^i23203
945    ^p130^l0^i23204
945    ^p130^l0^i23205
999    ^aทศพร เกษรทอง
รายการนี้ยังไม่มีแท็ก
คุณยังไม่ได้ล็อกอิน คุณสามารถมีกิจกรรมร่วมกับเว็บไซต์ได้ แต่ต้องล็อกอินก่อน ::
  ล็อกอิน

รายการสื่อสารสนเทศ

ลำดับที่ ประเภท เลขเรียก/บาร์โค้ด สถานที่ สถานะ
1. Book การพยาบาล
หนังสือสำรอง
สถานะ=หนังสือสำรอง
WY157.3 อ695ส ล.1 ฉ.1 
  Barcode: 23201
ห้องสมุดวิทยาเขตนครสวรรค์
►ส่วนจัดเก็บหนังสือเก่า นว.
บนชั้น
  ขอยืม
2. Book การพยาบาล
Book การพยาบาล
WY157.3 อ695ส ล.1 ฉ.2 
  Barcode: 23202
ห้องสมุดวิทยาเขตนครสวรรค์
►ส่วนจัดเก็บหนังสือเก่า นว.
บนชั้น
  ขอยืม
3. Book การพยาบาล
Book การพยาบาล
WY157.3 อ695ส ล.1 ฉ.3 
  Barcode: 23203
ห้องสมุดวิทยาเขตนครสวรรค์
►ส่วนจัดเก็บหนังสือเก่า นว.
บนชั้น
  ขอยืม
4. Book การพยาบาล
Book การพยาบาล
WY157.3 อ695ส ล.1 ฉ.4 
  Barcode: 23204
ห้องสมุดวิทยาเขตนครสวรรค์
►ส่วนจัดเก็บหนังสือเก่า นว.
บนชั้น
  ขอยืม
5. Book การพยาบาล
Book การพยาบาล
WY157.3 อ695ส ล.1 ฉ.5 
  Barcode: 23205
ห้องสมุดวิทยาเขตนครสวรรค์
►ส่วนจัดเก็บหนังสือเก่า นว.
บนชั้น
  ขอยืม

รายการใกล้เคียง
    หัวเรื่อง [การพยาบาลสูติศาสตร์]
    หัวเรื่อง [การพยาบาลทารกแรกเกิด]
    หัวเรื่อง [การพยาบาลมารดาและผดุงครรภ์]

BibComment


ยังไม่เคยถูกคอมเมนท์

คอมเมนท์ทรัพยากรรายการนี้
  คอมเมนท์: สาระหลักทางการพย..


 Copyright 2026. Bcnsprnw @Library